| 000 | 00413nam a2200169Ia 4500 | ||
|---|---|---|---|
| 008 | 230524s9999 xx 000 0 und d | ||
| 020 | _a8188114073 | ||
| 082 |
_a658.43 _bGUP |
||
| 100 | _aK.M.Gupta | ||
| 245 | 0 | _aMaterials Science and Engineering | |
| 250 | _a2 | ||
| 260 |
_aNew Delhi _bUmesh Publi. _c2006 |
||
| 300 | _a"XXIV,694p:" | ||
| 500 | _aQuantity Number: 1 | ||
| 650 | _aChemistry | ||
| 942 | _cBK | ||
| 999 |
_c56489 _d56489 |
||